| 000 | 00658nam a22002057a 4500 | ||
|---|---|---|---|
| 003 | koha_MIRAKIL | ||
| 005 | 20250422094507.0 | ||
| 008 | 250422b tur||||| |||| 00| 0 tur d | ||
| 020 | _a9786052079867 | ||
| 040 |
_aTR-IsEVY _btur _cTR-IsEVY |
||
| 082 | _a609 HIL/F | ||
| 100 | _aHill, Christian | ||
| 245 | 0 |
_aFikirler : _bDünya' yı değiştiren icatlar / _cChristian Hill ; resimleyen Giuseppe Ferrario. |
|
| 250 | _a2. bs. | ||
| 260 |
_aİstanbul : _bRedhouse Kidz, _c2023. |
||
| 300 |
_a135 s. _brenkli resimli ; _c20 cm. |
||
| 650 |
_aTeknoloji. _vİcatlar. _vFikirler. _vBuluşlar. |
||
| 700 | 1 |
_aFerrario, Giuseppe. _cresimleyen. |
|
| 942 |
_2ddc _cBK |
||
| 999 |
_c21932 _d21932 |
||